[Event "DVM U12 2017"]
[Site "Magdeburg GER"]
[Date "2017.12.29"]
[Round "6"]
[White "Kazimov, Alis"]
[Black "La, Nhat Hao"]
[Result "1-0"]
[Termination "normal"]
[Board "3.4"]
[WhiteElo "1495"]
[BlackElo "1209"]
[WhiteClock "00:09:50"]
[BlackClock "00:12:50"]
[WhiteTeam "SG Porz"]
[BlackTeam "SG Trier"]
[PlyCount "141"]
[WhiteFideId "16255348"]
[BlackFideId "16255313"]
[EventCountry "GER"]
[EventRounds "7"]
[EventType "team-swiss"]
[EventDate "2017.12.26"]

1. e4 e6 2. d3 d5 3. exd5 exd5 4. Nf3 Bd6 5. Nc3 Ne7 6. Be2 Bg4 7. h3 Bh5 8.
Bg5 f6 9. Bh4 c6 10. g4 Bf7 11. Rg1 Nd7 12. d4 Qc7 13. Bg3 O-O-O 14. Qd2 Ng6
15. Bxd6 Qxd6 16. O-O-O Rde8 17. Rde1 Nf4 18. Rg3 g5 19. h4 h6 20. Nd1 Bg6 21.
h5 Be4 22. Ne3 Qe6 23. Bd3 Qf7 24. Ng1 Nf8 25. Bxe4 Rxe4 26. Nf5 Rxe1+ 27. Qxe1
Qd7 28. Ne2 N8e6 29. Nxf4 gxf4 30. Rg1 Re8 31. Qd1 Rh8 32. Re1 Kc7 33. Qe2 Re8
34. Nxh6 Kd8 35. Qd1 Kc8 36. Nf5 Kc7 37. Qd2 Kb8 38. h6 b6 39. Rh1 Rh8 40. Qb4
Kc7 41. Qe7 Qxe7 42. Nxe7 Kd7 43. Nf5 Ke8 44. Nd6+ Ke7 45. Nf5+ Kf7 46. Kd2 Ng5
47. Kc1 Ne4 48. f3 Ng3 49. Nxg3 fxg3 50. Rg1 Rxh6 51. Rxg3 Kg6 52. Rg2 Rh7 53.
Kd2 Kg5 54. Re2 Kf4 55. Re6 Kxf3 56. Rxf6+ Kxg4 57. Rxc6 Kf5 58. c3 Rh2+ 59.
Kc1 Rh1+ 60. Kc2 Rh2+ 61. Kb3 Ke4 62. Rc7 a5 63. Rb7 Rh6 64. Ka4 Kd3 65. a3 Rd6
66. Kb5 Kc2 67. Rxb6 Rxb6+ 68. Kxb6 Kb3 69. Kxa5 Kxb2 70. Kb4 Kc2 71. a4 1-0

[Event "DVM U12 2017"]
[Site "Magdeburg GER"]
[Date "2017.12.29"]
[Round "6"]
[White "Kraftsik, Christian"]
[Black "Wiedersich, Hendryk"]
[Result "1/2-1/2"]
[Termination "normal"]
[Board "4.1"]
[WhiteElo "1607"]
[BlackElo "1447"]
[WhiteClock "00:47:21"]
[BlackClock "01:06:57"]
[WhiteTeam "SC Vaterstetten"]
[BlackTeam "SV Dresden-Leuben"]
[PlyCount "62"]
[WhiteFideId "16242548"]
[BlackFideId "16255399"]
[EventCountry "GER"]
[EventRounds "7"]
[EventType "team-swiss"]
[EventDate "2017.12.26"]

1. d4 {[%clk 1:30:58]} d5 {[%clk 1:30:55]} 2. c4 {[%clk 1:31:24]} c6 {[%clk
1:31:19]} 3. Nc3 {[%clk 1:31:48]} Nf6 {[%clk 1:31:37]} 4. cxd5 {[%clk 1:32:01]}
cxd5 {[%clk 1:31:44]} 5. Bf4 {[%clk 1:31:38]} Nc6 {[%clk 1:31:45]} 6. e3 {[%clk
1:31:49]} Bg4 {[%clk 1:31:52]} 7. Nf3 {[%clk 1:31:49]} e6 {[%clk 1:32:05]} 8.
a3 {[%clk 1:31:39]} Bd6 {[%clk 1:31:07]} 9. Bxd6 {[%clk 1:30:55]} Qxd6 {[%clk
1:30:46]} 10. Be2 {[%clk 1:30:15]} O-O {[%clk 1:30:44]} 11. O-O {[%clk
1:29:57]} e5 {[%clk 1:29:43]} 12. b4 {[%clk 1:25:32]} e4 {[%clk 1:27:21]} 13.
Nd2 {[%clk 1:25:20]} Bxe2 {[%clk 1:25:06]} 14. Qxe2 {[%clk 1:25:32]} Rac8
{[%clk 1:24:52]} 15. Rfc1 {[%clk 1:24:21]} a6 {[%clk 1:24:26]} 16. Nb3 {[%clk
1:22:13]} b5 {[%clk 1:22:57]} 17. h3 {[%clk 1:19:21]} Rc7 {[%clk 1:21:46]} 18.
Qd2 {[%clk 1:15:13]} Rfc8 {[%clk 1:21:01]} 19. Ne2 {[%clk 1:14:20]} Ne7 {[%clk
1:20:05]} 20. Rxc7 {[%clk 1:07:53]} Qxc7 {[%clk 1:20:15]} 21. Rc1 {[%clk
1:07:43]} Qd7 {[%clk 1:20:36]} 22. Nc5 {[%clk 1:07:01]} Qd6 {[%clk 1:20:17]}
23. Rc3 {[%clk 1:06:12]} Nd7 {[%clk 1:15:19]} 24. Qc1 {[%clk 1:03:12]} Nxc5
{[%clk 1:14:43]} 25. Rxc5 {[%clk 1:02:32]} Qb8 {[%clk 1:14:51]} 26. Nf4 {[%clk
1:01:47]} Rxc5 {[%clk 1:14:04]} 27. Qxc5 {[%clk 1:01:47]} Qb7 {[%clk 1:14:22]}
28. Qd6 {[%clk 0:57:00]} g6 {[%clk 1:13:04]} 29. Kh2 {[%clk 0:48:49]} Kg7
{[%clk 1:12:44]} 30. Qe5+ {[%clk 0:48:16]} Kg8 {[%clk 1:12:28]} 31. Qg5 {[%clk
0:47:21]} Qc7 {[%clk 1:06:57]} 1/2-1/2

[Event "DVM U12 2017"]
[Site "Magdeburg GER"]
[Date "2017.12.29"]
[Round "6"]
[White "Phan Trong, Dai"]
[Black "Lerchl, Clemens"]
[Result "1-0"]
[Termination "normal"]
[Board "4.2"]
[WhiteElo "1587"]
[BlackElo "1547"]
[WhiteClock "01:22:18"]
[BlackClock "01:15:37"]
[WhiteTeam "SV Dresden-Leuben"]
[BlackTeam "SC Vaterstetten"]
[PlyCount "79"]
[WhiteFideId "16236939"]
[BlackFideId "16226372"]
[EventCountry "GER"]
[EventRounds "7"]
[EventType "team-swiss"]
[EventDate "2017.12.26"]

1. c4 {[%clk 1:30:58]} g6 {[%clk 1:30:51]} 2. Nc3 {[%clk 1:30:58]} Nf6 {[%clk
1:30:51]} 3. g3 {[%clk 1:31:37]} Bg7 {[%clk 1:31:40]} 4. Bg2 {[%clk 1:31:59]}
O-O {[%clk 1:32:04]} 5. e4 {[%clk 1:32:21]} d6 {[%clk 1:32:28]} 6. Nge2 {[%clk
1:32:42]} c5 {[%clk 1:32:46]} 7. O-O {[%clk 1:33:05]} Nc6 {[%clk 1:33:12]} 8.
f4 {[%clk 1:33:24]} Bg4 {[%clk 1:33:08]} 9. h3 {[%clk 1:33:35]} Bxe2 {[%clk
1:33:30]} 10. Nxe2 {[%clk 1:33:15]} Ne8 {[%clk 1:33:42]} 11. f5 Nc7 {[%clk
1:33:29]} 12. d3 {[%clk 1:32:51]} Rb8 {[%clk 1:33:21]} 13. Rb1 {[%clk 1:32:15]}
b5 {[%clk 1:33:37]} 14. b3 {[%clk 1:32:13]} b4 {[%clk 1:33:26]} 15. Bb2 {[%clk
1:32:28]} e5 {[%clk 1:32:47]} 16. Bc1 {[%clk 1:30:30]} g5 {[%clk 1:31:15]} 17.
Be3 {[%clk 1:30:19]} f6 {[%clk 1:30:18]} 18. Qd2 {[%clk 1:29:27]} Kf7 {[%clk
1:29:05]} 19. h4 {[%clk 1:29:30]} h6 {[%clk 1:29:26]} 20. Kf2 {[%clk 1:28:26]}
Rh8 {[%clk 1:29:26]} 21. Bf3 {[%clk 1:28:01]} Nd4 {[%clk 1:28:16]} 22. Bh5+
{[%clk 1:27:28]} Ke7 {[%clk 1:28:20]} 23. Rh1 {[%clk 1:26:43]} Ne8 {[%clk
1:27:29]} 24. Rbg1 {[%clk 1:26:34]} Qc8 {[%clk 1:24:41]} 25. hxg5 {[%clk
1:25:55]} fxg5 {[%clk 1:24:23]} 26. Bxd4 {[%clk 1:25:39]} cxd4 {[%clk 1:23:48]}
27. Ke1 {[%clk 1:25:51]} Nf6 {[%clk 1:23:15]} 28. g4 {[%clk 1:25:20]} Nxh5
{[%clk 1:23:08]} 29. Rxh5 {[%clk 1:25:43]} Kf6 {[%clk 1:22:02]} 30. Ng3 {[%clk
1:25:59]} Rh7 {[%clk 1:20:40]} 31. Rh2 {[%clk 1:25:44]} Qb7 {[%clk 1:19:28]}
32. Nh5+ {[%clk 1:25:35]} Kf7 {[%clk 1:19:11]} 33. Rgh1 {[%clk 1:21:29]} Rbh8
{[%clk 1:19:21]} 34. Nxg7 {[%clk 1:21:23]} Kxg7 {[%clk 1:19:42]} 35. Rxh6
{[%clk 1:21:38]} Qe7 {[%clk 1:14:38]} 36. f6+ {[%clk 1:21:08]} Qxf6 {[%clk
1:14:46]} 37. Rxf6 {[%clk 1:21:32]} Rxh1+ {[%clk 1:14:55]} 38. Rf1 {[%clk
1:21:54]} R1h2 {[%clk 1:15:16]} 39. Qxg5+ {[%clk 1:22:18]} Kh7 {[%clk 1:15:37]}
40. Rf7# 1-0

[Event "DVM U12 2017"]
[Site "Magdeburg GER"]
[Date "2017.12.29"]
[Round "6"]
[White "von Rechenberg, Johannes Paul"]
[Black "Karpen, Jakob"]
[Result "0-1"]
[Termination "normal"]
[Board "4.4"]
[WhiteElo "1243"]
[BlackElo "1118"]
[WhiteClock "00:42:16"]
[BlackClock "01:18:28"]
[WhiteTeam "SV Dresden-Leuben"]
[BlackTeam "SC Vaterstetten"]
[PlyCount "64"]
[WhiteFideId "16224892"]
[BlackFideId "16255453"]
[EventCountry "GER"]
[EventRounds "7"]
[EventType "team-swiss"]
[EventDate "2017.12.26"]

1. e4 {[%clk 1:30:58]} e5 {[%clk 1:30:50]} 2. Nf3 {[%clk 1:31:20]} Nc6 {[%clk
1:31:16]} 3. Bc4 {[%clk 1:31:43]} Bc5 {[%clk 1:31:39]} 4. Nc3 {[%clk 1:31:43]}
Nf6 {[%clk 1:31:58]} 5. d3 {[%clk 1:32:03]} d6 {[%clk 1:32:21]} 6. h3 {[%clk
1:32:27]} b6 {[%clk 1:32:10]} 7. Bg5 {[%clk 1:32:15]} h6 {[%clk 1:32:33]} 8.
Bh4 {[%clk 1:32:30]} g5 {[%clk 1:32:39]} 9. Bg3 {[%clk 1:32:29]} Bb7 {[%clk
1:32:55]} 10. a3 {[%clk 1:29:39]} Na5 {[%clk 1:30:53]} 11. Ba2 {[%clk 1:25:38]}
Bd4 {[%clk 1:29:49]} 12. Nxd4 {[%clk 1:24:37]} exd4 {[%clk 1:29:59]} 13. Ne2
{[%clk 1:21:40]} Nc6 {[%clk 1:23:20]} 14. O-O {[%clk 1:17:22]} Qe7 {[%clk
1:22:50]} 15. b4 {[%clk 1:16:21]} O-O-O {[%clk 1:22:23]} 16. b5 {[%clk
1:14:04]} Na5 {[%clk 1:20:52]} 17. Nxd4 {[%clk 1:12:13]} d5 {[%clk 1:20:38]}
18. Nc6 {[%clk 1:07:42]} Nxc6 {[%clk 1:20:37]} 19. bxc6 {[%clk 1:08:06]} Bxc6
{[%clk 1:20:56]} 20. exd5 {[%clk 1:07:04]} Nxd5 {[%clk 1:20:32]} 21. Re1 {[%clk
1:06:25]} Qd7 {[%clk 1:18:19]} 22. Bxd5 {[%clk 1:04:12]} Qxd5 {[%clk 1:18:32]}
23. Qg4+ {[%clk 1:01:13]} f5 {[%clk 1:18:09]} 24. Qf3 {[%clk 0:59:25]} Qd7
{[%clk 1:17:46]} 25. Qd1 {[%clk 0:56:38]} g4 {[%clk 1:17:26]} 26. hxg4 {[%clk
0:55:37]} fxg4 {[%clk 1:17:48]} 27. Qd2 {[%clk 0:53:30]} Qd5 {[%clk 1:18:00]}
28. f3 {[%clk 0:47:47]} gxf3 {[%clk 1:18:14]} 29. gxf3 {[%clk 0:48:14]} Rhg8
{[%clk 1:18:11]} 30. Qh2 {[%clk 0:47:54]} Qxf3 {[%clk 1:18:12]} 31. Rf1 {[%clk
0:42:16]} Rxg3+ {[%clk 1:18:28]} 32. Qxg3 Qxg3# 0-1

[Event "DVM U12 2017"]
[Site "Magdeburg GER"]
[Date "2017.12.29"]
[Round "6"]
[White "Duduka, Artem"]
[Black "Pikalow, Michael"]
[Result "1/2-1/2"]
[Termination "normal"]
[Board "5.1"]
[WhiteElo "1601"]
[BlackElo "1504"]
[WhiteClock "00:31:17"]
[BlackClock "00:22:52"]
[WhiteTeam "SF Nordost Berlin"]
[BlackTeam "USC Magdeburg"]
[PlyCount "132"]
[WhiteFideId "14194805"]
[BlackFideId "16227638"]
[EventCountry "GER"]
[EventRounds "7"]
[EventType "team-swiss"]
[EventDate "2017.12.26"]

1. e4 {[%clk 1:30:49]} c5 {[%clk 1:29:31]} 2. Nf3 {[%clk 1:30:24]} d6 {[%clk
1:29:40]} 3. d4 {[%clk 1:30:29]} cxd4 {[%clk 1:30:07]} 4. Nxd4 {[%clk 1:30:52]}
Nf6 {[%clk 1:30:24]} 5. Nc3 {[%clk 1:30:36]} g6 {[%clk 1:30:09]} 6. Be3 {[%clk
1:30:25]} Bg7 {[%clk 1:30:30]} 7. f3 {[%clk 1:30:33]} O-O {[%clk 1:30:45]} 8.
Bc4 {[%clk 1:30:09]} Nc6 {[%clk 1:30:51]} 9. Qd2 {[%clk 1:28:47]} Bd7 {[%clk
1:30:24]} 10. O-O {[%clk 1:28:15]} Rc8 {[%clk 1:30:29]} 11. Bb3 {[%clk
1:27:59]} Re8 {[%clk 1:22:34]} 12. Rad1 {[%clk 1:26:04]} Ne5 {[%clk 1:21:16]}
13. Rfe1 {[%clk 1:24:21]} Nc4 {[%clk 1:21:23]} 14. Bxc4 {[%clk 1:24:32]} Rxc4
{[%clk 1:21:46]} 15. Qd3 {[%clk 1:23:56]} Rc8 {[%clk 1:22:06]} 16. Kh1 {[%clk
1:22:21]} a6 {[%clk 1:21:14]} 17. Qd2 {[%clk 1:18:50]} Qa5 {[%clk 1:06:45]} 18.
Nb3 {[%clk 1:16:17]} Qc7 {[%clk 1:06:48]} 19. Bd4 {[%clk 1:14:50]} Be6 {[%clk
0:55:06]} 20. Qf2 {[%clk 1:13:05]} Nd7 {[%clk 0:44:11]} 21. f4 {[%clk 1:07:53]}
Bg4 {[%clk 0:42:22]} 22. Rd3 {[%clk 1:04:50]} Bxd4 {[%clk 0:36:21]} 23. Rxd4
{[%clk 1:02:41]} e5 {[%clk 0:31:04]} 24. Rd3 {[%clk 1:00:47]} exf4 {[%clk
0:30:39]} 25. Qxf4 {[%clk 0:59:43]} Ne5 {[%clk 0:30:41]} 26. Rg3 {[%clk
0:59:41]} Be6 {[%clk 0:29:38]} 27. Nd4 {[%clk 0:51:04]} Qc4 {[%clk 0:25:50]}
28. Nxe6 {[%clk 0:50:30]} fxe6 {[%clk 0:26:08]} 29. Qd2 {[%clk 0:49:05]} Rf8
{[%clk 0:25:58]} 30. h4 {[%clk 0:44:53]} Rf1+ {[%clk 0:23:23]} 31. Rxf1 {[%clk
0:42:15]} Qxf1+ {[%clk 0:23:45]} 32. Kh2 {[%clk 0:42:35]} Nf7 {[%clk 0:23:59]}
33. h5 {[%clk 0:42:30]} Qf6 {[%clk 0:23:45]} 34. Qe3 {[%clk 0:41:14]} Rc5
{[%clk 0:21:03]} 35. hxg6 {[%clk 0:41:10]} Rh5+ {[%clk 0:19:20]} 36. Rh3 {[%clk
0:39:40]} Rxh3+ {[%clk 0:19:19]} 37. Qxh3 {[%clk 0:39:27]} hxg6 {[%clk
0:19:30]} 38. Qf3 {[%clk 0:39:27]} Qh4+ {[%clk 0:19:30]} 39. Qh3 {[%clk
0:39:19]} Qf4+ {[%clk 0:19:43]} 40. g3 {[%clk 0:37:25]} Qd2+ {[%clk 0:19:54]}
41. Qg2 {[%clk 0:37:47]} Qh6+ {[%clk 0:19:57]} 42. Qh3 {[%clk 0:36:52]} Qd2+
{[%clk 0:20:16]} 43. Qg2 {[%clk 0:36:46]} Ng5 {[%clk 0:20:03]} 44. Qxd2 {[%clk
0:36:48]} Nf3+ {[%clk 0:20:29]} 45. Kg2 {[%clk 0:37:02]} Nxd2 {[%clk 0:20:56]}
46. Kf2 {[%clk 0:37:20]} Nc4 {[%clk 0:21:23]} 47. Nd1 {[%clk 0:37:09]} Kf7
{[%clk 0:21:36]} 48. Ke2 {[%clk 0:36:26]} Kf6 {[%clk 0:21:40]} 49. b3 {[%clk
0:36:07]} Ne5 {[%clk 0:21:17]} 50. Nf2 {[%clk 0:36:19]} Kg5 {[%clk 0:21:37]}
51. Ke3 {[%clk 0:36:27]} Ng4+ {[%clk 0:21:37]} 52. Nxg4 {[%clk 0:36:51]} Kxg4
{[%clk 0:22:00]} 53. Kf2 {[%clk 0:37:02]} d5 {[%clk 0:22:12]} 54. exd5 {[%clk
0:37:01]} exd5 {[%clk 0:22:35]} 55. c3 {[%clk 0:37:19]} a5 {[%clk 0:22:32]} 56.
a4 {[%clk 0:37:17]} g5 {[%clk 0:21:31]} 57. Kg2 {[%clk 0:37:20]} Kh5 {[%clk
0:21:12]} 58. Kf3 {[%clk 0:37:33]} Kg6 {[%clk 0:21:21]} 59. b4 {[%clk 0:34:21]}
b6 {[%clk 0:21:43]} 60. bxa5 {[%clk 0:34:33]} bxa5 {[%clk 0:22:07]} 61. g4
{[%clk 0:33:05]} Kf6 {[%clk 0:22:28]} 62. Ke2 {[%clk 0:33:00]} Ke6 {[%clk
0:22:00]} 63. Kd3 {[%clk 0:33:16]} Kd7 {[%clk 0:22:00]} 64. Ke3 {[%clk
0:32:35]} Ke7 {[%clk 0:22:28]} 65. Kd4 {[%clk 0:31:34]} Kd6 {[%clk 0:22:52]}
66. Kd3 {[%clk 0:31:17]} Kd7 1/2-1/2

[Event "DVM U12 2017"]
[Site "Magdeburg GER"]
[Date "2017.12.29"]
[Round "6"]
[White "Hoffmann, Siegfried"]
[Black "Gutewort, Paul Emil"]
[Result "1/2-1/2"]
[Termination "normal"]
[Board "5.2"]
[WhiteElo "1552"]
[BlackElo "1549"]
[WhiteClock "01:22:17"]
[BlackClock "01:17:31"]
[WhiteTeam "USC Magdeburg"]
[BlackTeam "SF Nordost Berlin"]
[PlyCount "62"]
[WhiteFideId "16252268"]
[BlackFideId "16204182"]
[EventCountry "GER"]
[EventRounds "7"]
[EventType "team-swiss"]
[EventDate "2017.12.26"]

1. e4 {[%clk 1:30:53]} e5 {[%clk 1:30:57]} 2. Nc3 {[%clk 1:31:11]} Nc6 {[%clk
1:31:14]} 3. g3 {[%clk 1:31:21]} Bc5 {[%clk 1:31:17]} 4. Bg2 {[%clk 1:31:22]}
d6 {[%clk 1:31:09]} 5. d3 {[%clk 1:31:27]} Nf6 {[%clk 1:30:26]} 6. Nge2 {[%clk
1:31:23]} Be6 {[%clk 1:29:18]} 7. O-O {[%clk 1:30:51]} Qd7 {[%clk 1:28:31]} 8.
Re1 {[%clk 1:30:36]} Ng4 {[%clk 1:27:11]} 9. Rf1 {[%clk 1:30:12]} a6 {[%clk
1:26:09]} 10. h3 {[%clk 1:30:14]} Nf6 {[%clk 1:26:33]} 11. Kh2 {[%clk 1:30:09]}
h6 {[%clk 1:24:03]} 12. f4 {[%clk 1:29:37]} Qe7 {[%clk 1:23:33]} 13. Nd5 {[%clk
1:27:23]} Bxd5 {[%clk 1:23:53]} 14. exd5 {[%clk 1:27:45]} Nd4 {[%clk 1:24:05]}
15. Nxd4 {[%clk 1:26:49]} Bxd4 {[%clk 1:24:29]} 16. c3 {[%clk 1:27:05]} Bb6
{[%clk 1:24:52]} 17. d4 {[%clk 1:27:01]} O-O {[%clk 1:25:04]} 18. Re1 {[%clk
1:25:57]} e4 {[%clk 1:25:26]} 19. Qe2 {[%clk 1:25:18]} Rfe8 {[%clk 1:25:00]}
20. g4 {[%clk 1:25:08]} Nxd5 {[%clk 1:19:30]} 21. Qxe4 {[%clk 1:25:17]} Qxe4
{[%clk 1:19:40]} 22. Rxe4 {[%clk 1:25:35]} c6 {[%clk 1:19:58]} 23. Bd2 {[%clk
1:25:16]} Nf6 {[%clk 1:19:41]} 24. Rxe8+ {[%clk 1:24:11]} Rxe8 {[%clk 1:19:52]}
25. Re1 {[%clk 1:24:23]} Rxe1 {[%clk 1:18:39]} 26. Bxe1 {[%clk 1:24:41]} d5
{[%clk 1:18:13]} 27. Bh4 {[%clk 1:24:09]} Nd7 {[%clk 1:18:03]} 28. Kg1 {[%clk
1:23:46]} f6 {[%clk 1:18:26]} 29. Kf2 {[%clk 1:23:35]} Bc7 {[%clk 1:18:35]} 30.
Bg3 {[%clk 1:23:18]} Kf7 {[%clk 1:18:26]} 31. h4 {[%clk 1:22:17]} g5 {[%clk
1:17:31]} 1/2-1/2

[Event "DVM U12 2017"]
[Site "Magdeburg GER"]
[Date "2017.12.29"]
[Round "6"]
[White "Reichmann, Felix"]
[Black "Herter, Arne"]
[Result "1-0"]
[Termination "normal"]
[Board "5.3"]
[WhiteElo "1628"]
[BlackElo "1342"]
[WhiteClock "00:28:42"]
[BlackClock "00:40:40"]
[WhiteTeam "SF Nordost Berlin"]
[BlackTeam "USC Magdeburg"]
[PlyCount "103"]
[WhiteFideId "16238290"]
[BlackFideId "16255372"]
[EventCountry "GER"]
[EventRounds "7"]
[EventType "team-swiss"]
[EventDate "2017.12.26"]

1. c4 {[%clk 1:30:57]} e5 {[%clk 1:29:23]} 2. g3 {[%clk 1:31:15]} d5 {[%clk
1:29:16]} 3. cxd5 {[%clk 1:31:34]} Qxd5 {[%clk 1:29:44]} 4. Nf3 {[%clk
1:31:51]} Bg4 {[%clk 1:29:10]} 5. Nc3 {[%clk 1:30:19]} Qe6 {[%clk 1:28:17]} 6.
Bg2 {[%clk 1:28:17]} Nc6 {[%clk 1:27:40]} 7. O-O {[%clk 1:26:30]} Nf6 {[%clk
1:27:31]} 8. Ng5 {[%clk 1:25:04]} Qd7 {[%clk 1:25:15]} 9. Qb3 {[%clk 1:22:15]}
Na5 {[%clk 1:23:19]} 10. Qb5 {[%clk 1:14:04]} Qxb5 {[%clk 1:18:46]} 11. Nxb5
{[%clk 1:14:28]} Bd6 {[%clk 1:16:02]} 12. Re1 {[%clk 1:06:15]} a6 {[%clk
1:12:27]} 13. Nxd6+ {[%clk 0:56:54]} cxd6 {[%clk 1:12:08]} 14. b3 {[%clk
0:56:16]} Nc6 {[%clk 1:08:59]} 15. Bb2 {[%clk 0:54:18]} Nb4 {[%clk 1:08:29]}
16. Rac1 {[%clk 0:50:06]} h6 {[%clk 1:05:53]} 17. Ne4 {[%clk 0:41:50]} Nxe4
{[%clk 1:05:48]} 18. Bxe4 {[%clk 0:42:02]} Nxa2 {[%clk 1:02:51]} 19. Ra1 {[%clk
0:36:06]} Nb4 {[%clk 1:01:35]} 20. Ra4 {[%clk 0:35:52]} Nc6 {[%clk 1:01:20]}
21. Bxc6+ {[%clk 0:36:09]} bxc6 {[%clk 1:01:36]} 22. Rxg4 {[%clk 0:36:28]} O-O
{[%clk 0:54:54]} 23. Ra4 {[%clk 0:31:51]} Rfb8 {[%clk 0:53:36]} 24. b4 {[%clk
0:31:19]} a5 {[%clk 0:52:47]} 25. Rea1 {[%clk 0:31:16]} c5 {[%clk 0:51:16]} 26.
Bc3 {[%clk 0:30:18]} cxb4 {[%clk 0:51:08]} 27. Bxb4 {[%clk 0:30:25]} Rb6 {[%clk
0:50:55]} 28. Rxa5 {[%clk 0:29:35]} Rxa5 {[%clk 0:50:14]} 29. Bxa5 {[%clk
0:30:03]} Ra6 {[%clk 0:50:34]} 30. Bc3 {[%clk 0:30:23]} Rxa1+ {[%clk 0:50:56]}
31. Bxa1 {[%clk 0:30:46]} f5 {[%clk 0:51:04]} 32. d4 {[%clk 0:29:35]} exd4
{[%clk 0:50:50]} 33. Bxd4 {[%clk 0:29:09]} Kf7 {[%clk 0:48:26]} 34. Kg2 {[%clk
0:29:21]} g5 {[%clk 0:48:35]} 35. Kf3 {[%clk 0:29:38]} h5 {[%clk 0:48:38]} 36.
e4 {[%clk 0:28:27]} Ke6 {[%clk 0:47:14]} 37. Bg7 {[%clk 0:28:04]} g4+ {[%clk
0:45:22]} 38. Kf4 {[%clk 0:28:24]} fxe4 {[%clk 0:43:59]} 39. Kxe4 {[%clk
0:28:38]} d5+ {[%clk 0:41:59]} 40. Kd4 {[%clk 0:28:45]} Kf7 {[%clk 0:41:36]}
41. Bh8 {[%clk 0:28:43]} Ke6 {[%clk 0:41:34]} 42. Be5 {[%clk 0:29:06]} Kf5
{[%clk 0:39:01]} 43. Kxd5 {[%clk 0:28:40]} Kg5 {[%clk 0:39:19]} 44. Ke6 {[%clk
0:27:54]} h4 {[%clk 0:39:23]} 45. Bf6+ {[%clk 0:28:14]} Kh5 {[%clk 0:39:35]}
46. Bxh4 {[%clk 0:27:59]} Kg6 {[%clk 0:39:27]} 47. Bf6 {[%clk 0:28:04]} Kh6
{[%clk 0:39:31]} 48. Kf5 {[%clk 0:27:43]} Kh5 {[%clk 0:39:49]} 49. Bh4 {[%clk
0:28:07]} Kh6 {[%clk 0:40:05]} 50. Bg5+ {[%clk 0:28:25]} Kh5 {[%clk 0:40:20]}
51. f3 {[%clk 0:28:42]} gxf3 {[%clk 0:40:40]} 52. g4# 1-0

[Event "DVM U12 2017"]
[Site "Magdeburg GER"]
[Date "2017.12.29"]
[Round "6"]
[White "Hostmann, Henning"]
[Black "Beck, Felix"]
[Result "0-1"]
[Termination "normal"]
[Board "5.4"]
[WhiteElo "1079"]
[BlackElo "1409"]
[WhiteClock "01:00:55"]
[BlackClock "00:36:05"]
[WhiteTeam "USC Magdeburg"]
[BlackTeam "SF Nordost Berlin"]
[PlyCount "104"]
[WhiteFideId "16255380"]
[BlackFideId "16255364"]
[EventCountry "GER"]
[EventRounds "7"]
[EventType "team-swiss"]
[EventDate "2017.12.26"]

1. e4 {[%clk 1:30:57]} c6 {[%clk 1:30:57]} 2. Nf3 {[%clk 1:31:07]} d5 {[%clk
1:31:01]} 3. exd5 {[%clk 1:31:21]} cxd5 {[%clk 1:31:25]} 4. Nc3 {[%clk
1:31:15]} Bg4 {[%clk 1:31:00]} 5. d3 {[%clk 1:31:06]} Nc6 {[%clk 1:30:20]} 6.
Bf4 {[%clk 1:27:40]} a6 {[%clk 1:27:36]} 7. h3 {[%clk 1:27:37]} Bh5 {[%clk
1:27:48]} 8. Be2 {[%clk 1:27:05]} Nf6 {[%clk 1:26:58]} 9. d4 {[%clk 1:27:15]}
e6 {[%clk 1:26:46]} 10. Qd3 {[%clk 1:25:14]} Nb4 {[%clk 1:26:13]} 11. Qd2
{[%clk 1:25:27]} Bg6 {[%clk 1:25:52]} 12. Bd3 {[%clk 1:23:22]} Nxd3+ {[%clk
1:25:27]} 13. cxd3 {[%clk 1:23:34]} Be7 {[%clk 1:25:01]} 14. Be5 {[%clk
1:19:57]} O-O {[%clk 1:22:58]} 15. g4 {[%clk 1:17:58]} Bd6 {[%clk 1:15:28]} 16.
Qf4 {[%clk 1:15:17]} Bxe5 {[%clk 1:09:37]} 17. dxe5 {[%clk 1:15:08]} Nd7 {[%clk
1:09:08]} 18. d4 {[%clk 1:15:19]} f6 {[%clk 1:05:40]} 19. Qg3 {[%clk 1:14:30]}
fxe5 {[%clk 1:04:18]} 20. Nxe5 {[%clk 1:14:35]} Nxe5 {[%clk 1:04:00]} 21. Qxe5
{[%clk 1:14:47]} Qf6 {[%clk 1:02:58]} 22. Qe3 {[%clk 1:12:12]} Rac8 {[%clk
1:02:29]} 23. O-O {[%clk 1:09:35]} Rc4 {[%clk 1:01:25]} 24. Rad1 {[%clk
1:08:26]} Rc6 {[%clk 0:55:27]} 25. Kg2 {[%clk 1:08:16]} Rb6 {[%clk 0:53:08]}
26. g5 {[%clk 1:08:32]} Qf4 {[%clk 0:37:47]} 27. Qxf4 {[%clk 1:08:24]} Rxf4
{[%clk 0:36:53]} 28. Na4 {[%clk 1:08:22]} Rb4 {[%clk 0:35:58]} 29. Nc5 {[%clk
1:07:03]} Rfxd4 {[%clk 0:34:56]} 30. Rxd4 {[%clk 1:06:50]} Rxd4 {[%clk
0:35:17]} 31. Nxe6 {[%clk 1:07:05]} Rd2 {[%clk 0:35:05]} 32. Rb1 {[%clk
1:07:08]} Bxb1 {[%clk 0:35:30]} 33. Nc5 {[%clk 1:06:58]} Rxb2 {[%clk 0:35:44]}
34. a3 Be4+ 35. Nxe4 {[%clk 1:06:31]} dxe4 {[%clk 0:36:05]} 36. Kf1 Ra2 37. a4
Rxa4 38. Ke2 Ra3 39. h4 Rb3 40. Kd2 a5 41. Kc2 Rb6 42. Kd2 a4 43. Ke3 a3 44.
Kxe4 a2 45. f4 a1=Q 46. Kd5 Qa5+ 47. Ke4 Rb4+ 48. Kf3 Qf5 49. Ke3 Qe4+ 50. Kd2
Rb3 51. Kc1 Qg2 52. Kd1 {[%clk 1:00:55]} Rb1# 0-1